[Event "C.to Provinciale CO"]
[Site "San Fermo della Battaglia ITA"]
[Date "2003.03.30"]
[Round "3"]
[White "Galasso, Daniele"]
[Black "Lanza, Francesco Paolo"]
[Result "1-0"]
[WhiteElo "1546"]
[BlackElo "1465"]
[PlyCount "57"]
[EventDate "2003.03.29"]

1. c4 e5 2. Nc3 Nf6 3. g3 c6 4. Bg2 d5 5. cxd5 Nxd5 6. d3 Nxc3 7. bxc3 Be6 8.
Bd2 Be7 9. Nf3 Nd7 10. O-O O-O 11. Qc2 f5 12. e3 Bf7 13. Rab1 Qc7 14. Qb2 Rab8
15. c4 Bf6 16. Bc3 b6 17. h4 c5 18. Ng5 Bxg5 19. hxg5 Rbe8 20. f4 Re7 21. e4
fxe4 22. Bxe4 Be6 23. f5 Bf7 24. Qh2 g6 25. f6 Nxf6 26. gxf6 Re6 27. Qh6 Be8
28. Bd5 e4 29. Bxe6+ 1-0

[Event "C.to Provinciale CO"]
[Site "San Fermo della Battaglia ITA"]
[Date "2003.03.30"]
[Round "3"]
[White "Lancianese, Giuseppe"]
[Black "Napoli, Ferdinando"]
[Result "1-0"]
[WhiteElo "1546"]
[BlackElo "1678"]
[PlyCount "49"]
[EventDate "2003.03.29"]

1. e4 c5 2. Nf3 Nc6 3. d4 cxd4 4. Nxd4 Nf6 5. Nc3 e5 6. Ndb5 d6 7. Bg5 a6 8.
Bxf6 gxf6 9. Na3 b5 10. Nd5 f5 11. Bd3 Be6 12. Qh5 Bg7 13. Ne3 f4 14. Nf5 Bxf5
15. Qxf5 O-O 16. O-O Rc8 17. c3 Kh8 18. Rad1 Ne7 19. Qh5 Ng6 20. Bc2 Rg8 21.
Bb3 Qe7 22. Nc2 Bf6 23. Nb4 Rc5 24. Nxa6 Nh4 25. g3 1-0

[Event "C.to Provinciale CO"]
[Site "San Fermo della Battaglia ITA"]
[Date "2003.03.30"]
[Round "3"]
[White "Parenti, Davide"]
[Black "Revinelli, Sergio"]
[Result "0-1"]
[WhiteElo "1660"]
[BlackElo "1735"]
[PlyCount "92"]
[EventDate "2003.03.29"]

1. d4 d5 2. c4 c6 3. Nf3 Nf6 4. Nc3 e6 5. Bg5 dxc4 6. e4 b5 7. e5 h6 8. Bh4 g5
9. Nxg5 hxg5 10. Bxg5 Nbd7 11. exf6 Qb6 12. Be2 Bb7 13. Bf3 O-O-O 14. a4 Bb4
15. Qe2 Qa5 16. O-O Bxc3 17. bxc3 b4 18. Bf4 bxc3 19. Qxc4 Nb6 20. Qc5 Qxc5 21.
dxc5 Nd5 22. Bd6 Rh4 23. Rfc1 Rdh8 24. a5 Rc4 25. a6 Ba8 26. Ra3 c2 27. Bxd5
cxd5 28. Ra2 Rh6 29. Be7 Rch4 30. h3 d4 31. Rcxc2 Rg6 32. f3 Bxf3 33. Kh2 Be4
34. Rd2 d3 35. Ra4 Rgh6 36. Rxe4 Rxe4 37. Rxd3 Ra4 38. Rd8+ Kc7 39. Rf8 Rh7 40.
g4 Rxa6 41. Bd6+ Kd7 42. Rg8 Ra2+ 43. Kg1 Ra1+ 44. Kg2 Ra2+ 45. Kg1 Rxh3 46.
Rg7 Rb3 0-1

[Event "C.to Provinciale CO"]
[Site "San Fermo della Battaglia ITA"]
[Date "2003.03.30"]
[Round "3"]
[White "Petetta, Roberto"]
[Black "Guerrini, Donato"]
[Result "1/2-1/2"]
[WhiteElo "1603"]
[BlackElo "2035"]
[PlyCount "59"]
[EventDate "2003.03.29"]

1. e4 e6 2. d4 d5 3. e5 c5 4. c3 Qb6 5. Nf3 Bd7 6. Nbd2 cxd4 7. cxd4 Ne7 8. Nb3
a5 9. Bd3 Nec6 10. O-O a4 11. Nc5 Bxc5 12. dxc5 Qxc5 13. Be3 d4 14. Bf4 Nb4 15.
Rc1 Qb6 16. Bb1 N8c6 17. Ng5 Ra5 18. Qf3 Nd8 19. Rfd1 Bc6 20. Qg3 Rc5 21. Nxh7
Nd5 22. Rxc5 Qxc5 23. Bc1 g6 24. Ng5 Ne7 25. Ne4 Bxe4 26. Bxe4 Ndc6 27. a3 Rh5
28. f4 Nf5 29. Qd3 Nfe7 30. Bd2 1/2-1/2

[Event "C.to Provinciale CO"]
[Site "San Fermo della Battaglia ITA"]
[Date "2003.03.30"]
[Round "3"]
[White "Rossi, Giampiero"]
[Black "Grassetto, Gilberto"]
[Result "1/2-1/2"]
[WhiteElo "2056"]
[BlackElo "1534"]
[PlyCount "119"]
[EventDate "2003.03.29"]

1. d4 d5 2. c4 dxc4 3. Nf3 Nf6 4. e3 e6 5. Bxc4 a6 6. Nc3 b5 7. Bd3 Bb7 8. O-O
Be7 9. Qe2 O-O 10. Rd1 Nbd7 11. Bd2 Rc8 12. Be1 Re8 13. Rac1 Bf8 14. a4 c6 15.
e4 Nb6 16. a5 Nbd7 17. Na2 c5 18. dxc5 Rxc5 19. Rxc5 Bxc5 20. b4 Bf8 21. Bc3
Qa8 22. Nd2 Rd8 23. f3 Qb8 24. Nf1 Ne5 25. Bc2 Rxd1 26. Qxd1 Be7 27. Ne3 h6 28.
Qd2 Bd6 29. h3 Nh7 30. Ng4 Ng5 31. Nxe5 Bxe5 32. Bxe5 Qxe5 33. Nc3 Qg3 34. Kh1
Qc7 35. f4 Nh7 36. e5 Nf8 37. Be4 Bxe4 38. Nxe4 Qc4 39. Nc5 Ng6 40. g3 h5 41.
h4 Kh7 42. Kg2 Ne7 43. Qd3+ Qxd3 44. Nxd3 Nd5 45. Kf2 Kg6 46. Kf3 Kf5 47. Kf2
f6 48. exf6 gxf6 49. Ke2 e5 50. fxe5 fxe5 51. Kd2 e4 52. Nc5 Nxb4 53. Kc3 Nc6
54. Nxa6 Nxa5 55. Kb4 Nc6+ 56. Kxb5 Nd4+ 57. Kc4 Ne2 58. Nc5 Nxg3 59. Kd4 Kg4
60. Nxe4 1/2-1/2

[Event "C.to Provinciale CO"]
[Site "San Fermo della Battaglia ITA"]
[Date "2003.04.05"]
[Round "4"]
[White "Bonetti, Marco"]
[Black "Lancianese, Giuseppe"]
[Result "1-0"]
[WhiteElo "2152"]
[BlackElo "1546"]
[PlyCount "51"]
[EventDate "2003.03.29"]

1. e4 c5 2. Nf3 d6 3. d3 Nc6 4. g3 Nf6 5. Bg2 g6 6. O-O Bg7 7. Re1 Qc7 8. Nbd2
O-O 9. Nf1 Ng4 10. h3 Nge5 11. Ne3 e6 12. Nh2 Ne7 13. f4 Nd7 14. g4 Rb8 15. Qf3
b6 16. Qg3 Bb7 17. Nf3 Rfe8 18. h4 d5 19. e5 d4 20. Nc4 Nc8 21. f5 Bxf3 22.
Bxf3 exf5 23. gxf5 Nxe5 24. Bf4 Nxf3+ 25. Qxf3 Rxe1+ 26. Rxe1 1-0

[Event "C.to Provinciale CO"]
[Site "San Fermo della Battaglia ITA"]
[Date "2003.04.05"]
[Round "4"]
[White "Buonocore, Elio"]
[Black "Rossi, Giampiero"]
[Result "0-1"]
[WhiteElo "2121"]
[BlackElo "2056"]
[PlyCount "40"]
[EventDate "2003.03.29"]

1. e4 c5 2. Nf3 e6 3. d4 cxd4 4. Nxd4 a6 5. Nc3 Qc7 6. Be2 Nf6 7. O-O Nc6 8.
Be3 Bb4 9. Na4 O-O 10. c4 Bd6 11. g3 Nxe4 12. Bf3 Nf6 13. Bg2 Rb8 14. c5 Be7
15. Nb6 Nxd4 16. Qxd4 e5 17. Qd2 Bxc5 18. Rfc1 d6 19. b4 Bxe3 20. Rxc7 Bxd2 0-1

[Event "C.to Provinciale CO"]
[Site "San Fermo della Battaglia ITA"]
[Date "2003.04.05"]
[Round "4"]
[White "Coppola, Guido"]
[Black "Buccoliero, Alessandro"]
[Result "0-1"]
[WhiteElo "1803"]
[BlackElo "1879"]
[PlyCount "50"]
[EventDate "2003.03.29"]

1. e4 e6 2. d4 d5 3. e5 c5 4. c3 Nc6 5. Nf3 Qb6 6. a3 c4 7. g3 Bd7 8. Nbd2 f6
9. exf6 Nxf6 10. Bh3 Bd6 11. O-O O-O 12. Qe2 e5 13. Bxd7 Nxd7 14. dxe5 Ndxe5
15. b4 Rae8 16. Qd1 Nd3 17. Kg2 Re7 18. Nb3 Re1 19. Rxe1 Qxf2+ 20. Kh3 Nxe1 21.
Qxe1 Qxf3 22. Nd2 Qh5+ 23. Kg2 Re8 24. Qg1 Re2+ 25. Kh1 Ne5 0-1

[Event "C.to Provinciale CO"]
[Site "San Fermo della Battaglia ITA"]
[Date "2003.04.05"]
[Round "4"]
[White "Emoroso, Claudio"]
[Black "Pede, Lucio"]
[Result "0-1"]
[WhiteElo "1639"]
[BlackElo "1651"]
[PlyCount "92"]
[EventDate "2003.03.29"]

1. e4 e5 2. Nf3 Nc6 3. Bc4 Bc5 4. c3 d6 5. d3 h6 6. Be3 Bxe3 7. fxe3 Nf6 8.
Nbd2 Bg4 9. h3 Bh5 10. b4 Ne7 11. g4 Bg6 12. Nh4 c6 13. Nf5 Bxf5 14. exf5 d5
15. Bb3 Qd6 16. e4 O-O-O 17. a3 dxe4 18. dxe4 Qd3 19. Bxf7 Qg3+ 20. Kf1 Nxe4
21. Be6+ Kb8 22. Nxe4 Rxd1+ 23. Rxd1 Qf3+ 24. Nf2 e4 25. Rd4 e3 26. Rh2 exf2
27. c4 Qg3 28. Rxf2 Qxh3+ 29. Ke2 Qc3 30. Rd3 Qe5+ 31. Kf3 a6 32. a4 g6 33. Rd7
Qf6 34. Ke4 gxf5+ 35. gxf5 Rh7 36. b5 axb5 37. axb5 cxb5 38. cxb5 Rg7 39. Rfd2
Qh4+ 40. Kd3 Rg3+ 41. Kc2 Qe4+ 42. Kb2 Qb4+ 43. Kc2 Rc3+ 44. Kd1 Qg4+ 45. Re2
Qg1+ 46. Kd2 Qc1# 0-1

[Event "C.to Provinciale CO"]
[Site "San Fermo della Battaglia ITA"]
[Date "2003.04.05"]
[Round "4"]
[White "Grassetto, Gilberto"]
[Black "Bernasconi, Roberto"]
[Result "1-0"]
[WhiteElo "1534"]
[BlackElo "1753"]
[PlyCount "41"]
[EventDate "2003.03.29"]

1. d4 Nf6 2. c4 g6 3. Nc3 Bg7 4. e4 d6 5. Be2 O-O 6. h4 e5 7. d5 c6 8. h5 cxd5
9. cxd5 Nbd7 10. hxg6 fxg6 11. Bg5 Qa5 12. Qd2 Nc5 13. f3 Nb3 14. Qd1 Nxa1 15.
Qxa1 Bd7 16. Qc1 Rac8 17. g4 Rf7 18. Nh3 Bb5 19. Bxb5 Qxb5 20. Nxb5 Rxc1+ 21.
Bxc1 1-0

[Event "C.to Provinciale CO"]
[Site "San Fermo della Battaglia ITA"]
[Date "2003.04.05"]
[Round "4"]
[White "Guerrini, Donato"]
[Black "Galasso, Daniele"]
[Result "1/2-1/2"]
[WhiteElo "2035"]
[BlackElo "1546"]
[PlyCount "66"]
[EventDate "2003.03.29"]

1. Nf3 g6 2. g3 Bg7 3. Bg2 Nf6 4. O-O d6 5. c4 e5 6. Nc3 O-O 7. b4 Re8 8. a4 d5
9. cxd5 Nxd5 10. Nxd5 Qxd5 11. Ne1 e4 12. Ra3 Nc6 13. Nc2 Bf5 14. b5 Na5 15.
Ne3 Qe6 16. Nxf5 gxf5 17. Qc2 Rac8 18. Bh3 Qg6 19. Qc5 Bf8 20. Qxf5 Qxf5 21.
Bxf5 Bxa3 22. Bxa3 Rcd8 23. d3 exd3 24. Bxd3 Nb3 25. f3 Nd4 26. Kf2 Nb3 27. Rb1
Nd4 28. Rc1 Ne6 29. Bf5 Nd4 30. Bd3 Ne6 31. Rc4 Rd4 32. Rxd4 Nxd4 33. Bc5 Ne6
1/2-1/2

[Event "C.to Provinciale CO"]
[Site "San Fermo della Battaglia ITA"]
[Date "2003.04.05"]
[Round "4"]
[White "Lanza, Francesco Paolo"]
[Black "Daffra, Marco"]
[Result "1/2-1/2"]
[WhiteElo "1465"]
[BlackElo "1374"]
[PlyCount "97"]
[EventDate "2003.03.29"]

1. e4 g6 2. d4 Bg7 3. Nf3 d6 4. Bc4 b6 5. O-O e6 6. Nbd2 d5 7. exd5 exd5 8.
Re1+ Ne7 9. Bb3 O-O 10. Ne5 Nec6 11. Ndf3 Bb7 12. Nxc6 Nxc6 13. Bf4 Qd7 14. Qd2
Rad8 15. Bh6 Ne7 16. Bxg7 Kxg7 17. Re2 a5 18. Rae1 Nf5 19. c3 Ba6 20. Re5 c6
21. Bc2 Nd6 22. b3 Rde8 23. R1e3 f6 24. Rxe8 Rxe8 25. h3 Ne4 26. Qe1 Nd6 27.
Nd2 Rxe3 28. Qxe3 Kf7 29. f4 Nf5 30. Qe1 Qe6 31. Qxe6+ Kxe6 32. Kf2 h6 33. g4
Ne7 34. Kf3 g5 35. fxg5 hxg5 36. Ke3 Kf7 37. c4 Ng6 38. cxd5 cxd5 39. Nf3 Nf4
40. h4 Ng2+ 41. Kf2 Nxh4 42. Nxh4 gxh4 43. Kg2 Kg7 44. Kh3 Kh6 45. Kxh4 Be2 46.
a3 Bf3 47. b4 Be4 48. Bb3 axb4 49. axb4 1/2-1/2

[Event "C.to Provinciale CO"]
[Site "San Fermo della Battaglia ITA"]
[Date "2003.04.05"]
[Round "4"]
[White "Napoli, Ferdinando"]
[Black "Alessandro, Sergio"]
[Result "0-1"]
[WhiteElo "1678"]
[BlackElo "1467"]
[PlyCount "34"]
[EventDate "2003.03.29"]

1. e4 c5 2. Nf3 d6 3. d4 g6 4. Bc4 Bg7 5. Nc3 cxd4 6. Nxd4 Nf6 7. f3 a6 8. Be3
Nc6 9. Qd2 Nxd4 10. Bxd4 O-O 11. O-O-O b5 12. Bb3 Bb7 13. g4 Rc8 14. h4 h5 15.
Qg5 Kh7 16. gxh5 Bh6 17. hxg6+ fxg6 0-1

[Event "C.to Provinciale CO"]
[Site "San Fermo della Battaglia ITA"]
[Date "2003.04.05"]
[Round "4"]
[White "Orsenigo, Davide"]
[Black "Liscio, Giovanni"]
[Result "0-1"]
[WhiteElo "1726"]
[BlackElo "1867"]
[PlyCount "72"]
[EventDate "2003.03.29"]

1. e4 c5 2. Nf3 d6 3. d4 cxd4 4. Nxd4 Nf6 5. Nc3 e6 6. Be2 a6 7. Be3 Qc7 8. O-O
b5 9. a3 Bb7 10. Bd3 Be7 11. f4 Nbd7 12. Kh1 Nb6 13. Qe1 Rc8 14. Bg1 Nc4 15.
Nd1 g6 16. b3 Nb6 17. Nf2 Nbd7 18. Nh3 Nc5 19. e5 dxe5 20. fxe5 Ng4 21. Qg3
Nxe5 22. Qf4 O-O 23. Qh6 Ncxd3 24. cxd3 Ng4 25. Qd2 Bc5 26. Qc3 Qd6 27. Qb2
Bxd4 28. Qxd4 Qxd4 29. Bxd4 Rfd8 30. Bb6 Rxd3 31. Ng5 Rc2 32. Rxf7 Bxg2+ 33.
Kg1 Bd5 34. Rxh7 Rg2+ 35. Kf1 Nxh2+ 36. Ke1 Nf3+ 0-1

[Event "C.to Provinciale CO"]
[Site "San Fermo della Battaglia ITA"]
[Date "2003.04.05"]
[Round "4"]
[White "Petetta, Roberto"]
[Black "Bellotto, Stefano"]
[Result "0-1"]
[WhiteElo "1603"]
[BlackElo "1740"]
[PlyCount "78"]
[EventDate "2003.03.29"]

1. e4 d6 2. d4 Nf6 3. Nc3 c6 4. Bd3 e5 5. Nge2 Be7 6. O-O O-O 7. f4 Qb6 8. Na4
Qa5 9. c3 b5 10. fxe5 dxe5 11. Nc5 exd4 12. b4 Qb6 13. cxd4 Bg4 14. Qc2 Bxe2
15. Qxe2 Qd8 16. Be3 Nbd7 17. e5 Ne8 18. e6 Ndf6 19. g4 Bxc5 20. exf7+ Rxf7 21.
dxc5 Qd7 22. Bf5 Qe7 23. Qf3 Nd5 24. Qh3 Qxe3+ 25. Qxe3 Nxe3 26. Bxh7+ Kf8 27.
Rfe1 Nxg4 28. Re6 Rf6 29. Re4 Nxh2 30. Kxh2 Rh6+ 31. Kg3 Rxh7 32. Rf1+ Nf6 33.
Re6 Rc8 34. Rd1 Rh6 35. Rf1 Kf7 36. Rd6 Rg6+ 37. Kf4 Rg4+ 38. Ke5 Re8+ 39. Kf5
g6# 0-1

[Event "C.to Provinciale CO"]
[Site "San Fermo della Battaglia ITA"]
[Date "2003.04.05"]
[Round "4"]
[White "Revinelli, Sergio"]
[Black "Gagliardi, Christian"]
[Result "0-1"]
[WhiteElo "1735"]
[BlackElo "2138"]
[PlyCount "60"]
[EventDate "2003.03.29"]

1. e4 g6 2. d4 Bg7 3. Be2 d6 4. Nc3 a6 5. h4 h5 6. Be3 b5 7. a3 Nd7 8. Nh3 Bb7
9. Bf3 Rc8 10. Ne2 c5 11. c3 Qc7 12. Rc1 Nb6 13. b3 c4 14. b4 Na4 15. Qd2 Nf6
16. Ng3 Ng4 17. O-O Nxe3 18. fxe3 e5 19. Bd1 Qe7 20. Ng5 f6 21. Nf3 Nb6 22. Bc2
Bc6 23. Qf2 Bd7 24. Bd1 Ra8 25. Qc2 Bh6 26. Qe2 Bg4 27. Rc2 O-O 28. Qe1 f5 29.
Nh2 Bxd1 30. Nxf5 Bxc2 0-1

[Event "C.to Provinciale CO"]
[Site "San Fermo della Battaglia ITA"]
[Date "2003.04.06"]
[Round "5"]
[White "Bellotto, Stefano"]
[Black "Buonocore, Elio"]
[Result "1-0"]
[WhiteElo "1740"]
[BlackElo "2121"]
[PlyCount "111"]
[EventDate "2003.03.29"]

1. e4 e5 2. Nc3 Nc6 3. g3 Bc5 4. Bg2 h5 5. Nf3 h4 6. d3 h3 7. Bf1 a6 8. Nd5 d6
9. Be3 Nge7 10. Bxc5 dxc5 11. Ne3 f6 12. Be2 Be6 13. Nh4 g6 14. c4 g5 15. Bh5+
Kd7 16. Nhf5 Bxf5 17. exf5 Nd4 18. Bf3 c6 19. Be4 Kc7 20. O-O Nc8 21. a3 Nd6
22. b4 Nxe4 23. dxe4 Qe7 24. Rb1 Rad8 25. Qg4 Kc8 26. b5 axb5 27. cxb5 cxb5 28.
Nd5 Rxd5 29. exd5 Qd6 30. Qe4 Rd8 31. Rfd1 Qxd5 32. Qxd5 Rxd5 33. Kf1 Rd7 34.
Rdc1 b6 35. a4 Kb7 36. axb5 Nxf5 37. Ke2 Nd4+ 38. Ke3 f5 39. Rd1 g4 40. Rd2 Re7
41. Rbd1 Kc7 42. Rb1 Kd6 43. Ra2 Kd5 44. Ra8 Re6 45. Rc1 Nxb5 46. Rd8+ Kc6 47.
Ra1 Nd4 48. Raa8 Nc2+ 49. Kd2 Nb4 50. Rac8+ Kb5 51. Rf8 Rd6+ 52. Ke2 f4 53.
gxf4 exf4 54. Rxf4 Re6+ 55. Kd2 Rd6+ 56. Ke2 1-0

[Event "C.to Provinciale CO"]
[Site "San Fermo della Battaglia ITA"]
[Date "2003.04.06"]
[Round "5"]
[White "Bernasconi, Roberto"]
[Black "Revinelli, Sergio"]
[Result "0-1"]
[WhiteElo "1753"]
[BlackElo "1735"]
[PlyCount "84"]
[EventDate "2003.03.29"]

1. e4 e5 2. Nf3 Nc6 3. Bc4 Nf6 4. Ng5 d5 5. exd5 Na5 6. Bb5+ c6 7. dxc6 bxc6 8.
Qf3 Rb8 9. Bxc6+ Nxc6 10. Qxc6+ Nd7 11. Ne4 Rb4 12. Nd6+ Bxd6 13. Qxd6 Re4+ 14.
Kf1 Qa5 15. Nc3 Ba6+ 16. d3 Rd4 17. Qa3 Qxa3 18. bxa3 O-O 19. Be3 Rd6 20. Ne4
Rc6 21. c4 f5 22. Nc3 Nf6 23. Nb5 Rd8 24. Ke2 e4 25. Rhd1 exd3+ 26. Rxd3 Re8
27. Kd1 Rxc4 28. Rb3 f4 29. Bxa7 Ne4 30. f3 Bxb5 31. fxe4 Ba4 32. Kd2 Bxb3 33.
axb3 Rcxe4 34. Kd3 Re2 35. Rf1 Rxg2 36. Rxf4 Rxh2 37. Bc5 Rc8 38. Rc4 Rh3+ 39.
Kc2 Re8 40. Rf4 h5 41. a4 Re2+ 42. Kd1 Ra2 0-1

[Event "C.to Provinciale CO"]
[Site "San Fermo della Battaglia ITA"]
[Date "2003.04.06"]
[Round "5"]
[White "Corti, Filippo"]
[Black "Guerrini, Donato"]
[Result "0-1"]
[WhiteElo "1552"]
[BlackElo "2035"]
[PlyCount "72"]
[EventDate "2003.03.29"]

1. Nf3 b5 2. g3 Bb7 3. Bg2 Nf6 4. d3 g6 5. Nbd2 d6 6. O-O Bg7 7. c3 O-O 8. e4
Nbd7 9. Re1 a5 10. Qc2 c5 11. a3 Qb6 12. Nf1 b4 13. axb4 axb4 14. Be3 b3 15.
Qd2 Ng4 16. h3 Nge5 17. N1h2 Ba6 18. c4 Bxc4 19. Nxe5 Nxe5 20. dxc4 Nxc4 21.
Qd5 Nxe3 22. fxe3 Ra5 23. Rf1 e6 24. Qc4 Rfa8 25. Rxa5 Rxa5 26. Ng4 Ra2 27.
Nf6+ Bxf6 28. Rxf6 Rxb2 29. Qa4 Kg7 30. Rf1 c4 31. Qe8 Qxe3+ 32. Kh1 Rf2 33.
Rxf2 Qxf2 34. Qb5 b2 35. e5 Qe1+ 36. Kh2 b1=Q 0-1

[Event "C.to Provinciale CO"]
[Site "San Fermo della Battaglia ITA"]
[Date "2003.04.06"]
[Round "5"]
[White "Daffra, Marco"]
[Black "Petetta, Roberto"]
[Result "0-1"]
[WhiteElo "1374"]
[BlackElo "1603"]
[PlyCount "134"]
[EventDate "2003.03.29"]

1. d4 g6 2. e3 Bg7 3. f4 Nf6 4. Nf3 O-O 5. Bd3 b6 6. O-O Bb7 7. c4 d6 8. Nc3 c5
9. d5 e6 10. e4 Nbd7 11. Rb1 a6 12. a3 Qe7 13. Qd2 b5 14. b3 Rab8 15. cxb5 axb5
16. Bxb5 exd5 17. exd5 Nb6 18. Re1 Qc7 19. Bc4 Nxc4 20. bxc4 Ba6 21. Nb5 Bxb5
22. Rxb5 Rxb5 23. cxb5 Qb7 24. a4 Nxd5 25. Rd1 Nc3 26. Re1 Rd8 27. Qc2 Qa7 28.
Bb2 Qxa4 29. Qxa4 Nxa4 30. Bxg7 Kxg7 31. Rb1 Nb6 32. Nd2 d5 33. Kf2 f5 34. Ke3
Re8+ 35. Kd3 Kf6 36. Ra1 Re6 37. g3 h6 38. Nf3 Nc4 39. Ra6 Rxa6 40. bxa6 Nb6
41. a7 Ke6 42. Ne5 g5 43. Ng6 Kd7 44. Ne5+ Kc7 45. Nf7 gxf4 46. Nxh6 fxg3 47.
hxg3 Kb7 48. Nxf5 Kxa7 49. g4 Kb7 50. g5 Nd7 51. g6 Ne5+ 52. Kc3 Nxg6 53. Kb3
Kb6 54. Kc3 Kb5 55. Nd6+ Kc6 56. Nf5 Ne5 57. Ne7+ Kd6 58. Nc8+ Kd7 59. Nb6+ Kc6
60. Na4 Kb5 61. Nb2 d4+ 62. Kc2 c4 63. Nd1 Nd3 64. Kd2 Kb4 65. Kc2 Ka3 66. Kb1
Kb3 67. Ka1 Kc2 0-1

[Event "C.to Provinciale CO"]
[Site "San Fermo della Battaglia ITA"]
[Date "2003.04.06"]
[Round "5"]
[White "Di Paola, Antonio"]
[Black "Napoli, Ferdinando"]
[Result "0-1"]
[WhiteElo "1377"]
[BlackElo "1678"]
[PlyCount "126"]
[EventDate "2003.03.29"]

1. d4 Nf6 2. c4 g6 3. Nc3 Bg7 4. e4 O-O 5. Nf3 d6 6. Be2 e5 7. d5 a5 8. Bg5 Na6
9. O-O Qe8 10. Ne1 h6 11. Be3 Bd7 12. f3 Nh5 13. Qd2 Kh7 14. Nd3 f5 15. Rab1 b6
16. b3 Nf6 17. a3 fxe4 18. Nxe4 Nc5 19. Ndxc5 bxc5 20. Bd3 Qe7 21. b4 cxb4 22.
axb4 a4 23. Ra1 Rfb8 24. Ra3 c6 25. Bc2 cxd5 26. cxd5 Bb5 27. Rb1 Qc7 28. Nxf6+
Bxf6 29. Bd3 Bxd3 30. Qxd3 Bd8 31. b5 Qa5 32. Kh1 Bb6 33. Bd2 Qa7 34. h3 Bc5
35. Bb4 Bxb4 36. Rxb4 Qc5 37. Qc4 Qxc4 38. Rxc4 Rxb5 39. Rcxa4 Rxa4 40. Rxa4
Rxd5 41. Ra7+ Kg8 42. Kh2 Rd4 43. g4 Rf4 44. Kg2 Rf7 45. Ra8+ Kg7 46. Rd8 Rf6
47. Rd7+ Kf8 48. Kf2 Ke8 49. Rh7 g5 50. Ke3 d5 51. Rh8+ Ke7 52. Rb8 Ra6 53. Rb3
Ke6 54. Kf2 d4 55. Rd3 Kd5 56. Kg3 Kc4 57. Rd2 Ra3 58. Kf2 Kc3 59. Ke2 Rb3 60.
Rd3+ Kc4 61. Rd2 Re3+ 62. Kf2 Kd5 63. Rc2 e4 0-1

[Event "C.to Provinciale CO"]
[Site "San Fermo della Battaglia ITA"]
[Date "2003.04.06"]
[Round "5"]
[White "Emoroso, Claudio"]
[Black "Laricini, Alberto"]
[Result "1-0"]
[WhiteElo "1639"]
[BlackElo "1510"]
[PlyCount "57"]
[EventDate "2003.03.29"]

1. e4 Nf6 2. e5 Nd5 3. d4 d6 4. c4 Nb6 5. exd6 cxd6 6. h3 Bf5 7. Bd3 Bxd3 8.
Qxd3 e6 9. d5 exd5 10. cxd5 Be7 11. Nf3 N8d7 12. Nc3 Rc8 13. O-O O-O 14. Be3
Nc4 15. b3 Nce5 16. Nxe5 Nxe5 17. Qd2 a6 18. Rac1 Re8 19. Ne4 Qd7 20. f4 Ng6
21. f5 Ne5 22. f6 Bf8 23. fxg7 Bxg7 24. Rxc8 Rxc8 25. Bh6 f5 26. Bxg7 fxe4 27.
Bxe5 dxe5 28. d6 Kh8 29. Qd5 1-0

[Event "C.to Provinciale CO"]
[Site "San Fermo della Battaglia ITA"]
[Date "2003.04.06"]
[Round "5"]
[White "Gagliardi, Christian"]
[Black "Buccoliero, Alessandro"]
[Result "1/2-1/2"]
[WhiteElo "2138"]
[BlackElo "1879"]
[PlyCount "47"]
[EventDate "2003.03.29"]

1. e4 e6 2. d3 d5 3. Nd2 c5 4. Ngf3 Nc6 5. g3 Nf6 6. Bg2 dxe4 7. dxe4 e5 8. h3
Be7 9. O-O O-O 10. Re1 Be6 11. Ng5 Qd7 12. Nxe6 Qxe6 13. c3 b5 14. Qc2 Rac8 15.
Nf1 Rfd8 16. Bg5 Nd7 17. Bxe7 Nxe7 18. a4 a6 19. Ne3 c4 20. axb5 axb5 21. Nf5
g6 22. Nxe7+ Qxe7 23. Ra7 Ra8 24. Rea1 1/2-1/2

[Event "C.to Provinciale CO"]
[Site "San Fermo della Battaglia ITA"]
[Date "2003.04.06"]
[Round "5"]
[White "Galasso, Daniele"]
[Black "Orsenigo, Davide"]
[Result "0-1"]
[WhiteElo "1546"]
[BlackElo "1726"]
[PlyCount "118"]
[EventDate "2003.03.29"]

1. c4 Nf6 2. Nc3 g6 3. g3 Bg7 4. Bg2 d6 5. Nf3 Nbd7 6. O-O O-O 7. d3 Rb8 8. Rb1
c5 9. Ne1 a6 10. Nc2 Ng4 11. Bd2 b5 12. b3 Bb7 13. Nd5 e6 14. Nde3 Nxe3 15.
Bxe3 Bxg2 16. Kxg2 Qa5 17. a3 d5 18. Bd2 Qb6 19. cxd5 exd5 20. Be3 Qb7 21. Kg1
Rfe8 22. Bf4 Rbc8 23. Qd2 Re6 24. a4 Rec6 25. Ne3 Nf6 26. Be5 Re6 27. Ba1 Rce8
28. Rfe1 d4 29. Ng2 Nd5 30. Rbc1 Qe7 31. axb5 axb5 32. Rc2 Nb4 33. Rb2 Ra6 34.
e4 dxe3 35. Nxe3 Bxb2 36. Bxb2 Qd6 37. Qc3 Qd4 38. Qxd4 cxd4 39. Bxd4 Nc6 40.
Bc5 Rea8 41. Nd5 Ra1 42. Rxa1 Rxa1+ 43. Kg2 Rd1 44. Nf6+ Kg7 45. Ne8+ Kg8 46.
Nf6+ Kh8 47. Ng4 Rxd3 48. b4 f5 49. Nh6 Kg7 50. Nxf5+ gxf5 51. h4 Rb3 52. f3
Nxb4 53. g4 fxg4 54. fxg4 Nd5 55. g5 Rd3 56. h5 b4 57. Kf2 b3 58. Bd6 Kf7 59.
Ba3 b2 0-1

[Event "C.to Provinciale CO"]
[Site "San Fermo della Battaglia ITA"]
[Date "2003.04.06"]
[Round "5"]
[White "Lancianese, Giuseppe"]
[Black "Parenti, Davide"]
[Result "0-1"]
[WhiteElo "1546"]
[BlackElo "1660"]
[PlyCount "58"]
[EventDate "2003.03.29"]

1. e4 e5 2. Nf3 Nc6 3. Bc4 Bc5 4. c3 Nf6 5. d3 d6 6. Bb3 O-O 7. O-O a6 8. Bg5
h6 9. Be3 Ba7 10. Bxa7 Rxa7 11. Nbd2 Nh5 12. Nxe5 Nxe5 13. d4 Ng4 14. h3 Ngf6
15. e5 dxe5 16. dxe5 Nh7 17. f4 Ng3 18. Rf2 Be6 19. Bc2 Bf5 20. Bb3 Ra8 21. Qf3
Qh4 22. Kh2 Ne4 23. Re2 Nxd2 24. Rxd2 Rad8 25. Rxd8 Rxd8 26. Qxb7 Qxf4+ 27. Kh1
Qxe5 28. Rf1 Ng5 29. Qxa6 Bd3 0-1

[Event "C.to Provinciale CO"]
[Site "San Fermo della Battaglia ITA"]
[Date "2003.04.06"]
[Round "5"]
[White "Liscio, Giovanni"]
[Black "Grassetto, Gilberto"]
[Result "1/2-1/2"]
[WhiteElo "1867"]
[BlackElo "1534"]
[PlyCount "80"]
[EventDate "2003.03.29"]

1. d4 d5 2. c4 dxc4 3. e3 Nf6 4. Bxc4 e6 5. Nc3 a6 6. a3 b5 7. Ba2 Bb7 8. f3
Nbd7 9. Nge2 Be7 10. O-O O-O 11. b4 c6 12. e4 a5 13. e5 Nd5 14. Bxd5 exd5 15.
Rb1 axb4 16. axb4 Nb6 17. f4 Nc4 18. Ng3 f5 19. Rf3 Bc8 20. Nf1 Be6 21. Ne3 Rf7
22. Rh3 Qf8 23. Nc2 g6 24. Rf3 Qe8 25. Kh1 Kh8 26. Ne3 Ra7 27. Rf2 Qa8 28. Qb3
Bf8 29. Ra2 Rxa2 30. Qxa2 Ra7 31. Qb3 Kg7 32. Nxc4 bxc4 33. Qb2 Rb7 34. Qa3 Qb8
35. Na2 c5 36. dxc5 Bxc5 37. Qa6 Qc8 38. b5 Rb6 39. Qxc8 Bxc8 40. Nc3 Rb7
1/2-1/2

[Event "C.to Provinciale CO"]
[Site "San Fermo della Battaglia ITA"]
[Date "2003.04.06"]
[Round "5"]
[White "Pede, Lucio"]
[Black "Bonetti, Marco"]
[Result "0-1"]
[WhiteElo "1651"]
[BlackElo "2152"]
[PlyCount "56"]
[EventDate "2003.03.29"]

1. e4 d6 2. d4 g6 3. f4 Bg7 4. Nf3 c5 5. Bc4 cxd4 6. Nxd4 Nf6 7. Nc3 Qa5 8. Qd3
Nc6 9. Nxc6 bxc6 10. Bd2 Qh5 11. Ne2 O-O 12. O-O-O d5 13. exd5 cxd5 14. Bb3 a5
15. Ng3 Qh4 16. a4 Rb8 17. Rdf1 Ne4 18. Nxe4 dxe4 19. Qg3 Qh5 20. Bc3 Bf5 21.
Bxg7 Kxg7 22. Qc3+ Kg8 23. h3 Qe2 24. g4 Bd7 25. f5 Rfc8 26. Bxf7+ Kxf7 27.
fxg6+ Kxg6 28. Qe5 Qxc2# 0-1

[Event "C.to Provinciale CO"]
[Site "San Fermo della Battaglia ITA"]
[Date "2003.04.06"]
[Round "5"]
[White "Rossi, Giampiero"]
[Black "Coppola, Guido"]
[Result "1/2-1/2"]
[WhiteElo "2056"]
[BlackElo "1803"]
[PlyCount "84"]
[EventDate "2003.03.29"]

1. d4 d5 2. c4 e6 3. Nc3 Nf6 4. cxd5 exd5 5. Bg5 Be7 6. e3 O-O 7. Qc2 c6 8. Bd3
Nbd7 9. Nge2 Re8 10. O-O Nf8 11. Rab1 h6 12. Bh4 Ne4 13. Bxe7 Qxe7 14. b4 a6
15. a4 Bg4 16. Ng3 Nxc3 17. Qxc3 Rac8 18. Rfe1 Be6 19. Qb2 Nd7 20. Rec1 Nb6 21.
a5 Nd7 22. Re1 Nf6 23. Rbd1 Rcd8 24. f3 Qc7 25. Qc3 Re7 26. Rc1 Qd7 27. Qd2 Kf8
28. Qc2 g6 29. Rcd1 Kg7 30. Qc3 Rde8 31. Bc2 Qc7 32. e4 dxe4 33. fxe4 Bg4 34.
Rd2 Nd5 35. Qb2 Qd6 36. Rb1 Nc7 37. Bd1 Bxd1 38. Rbxd1 Kg8 39. Qb3 Qe6 40. Qxe6
Rxe6 41. e5 f6 42. exf6 Kf7 1/2-1/2